Reflection for managers

Bibliographic Details
Main Authors: Hyland, Bruce (Author), Yost, Marlet (Author)
Format: Book
Language:English
Published: New York : McGraw-Hill c1994
Subjects:

MARC

LEADER 00000cam a2200000 7i4500
001 0000009743
005 20230319.0
008 011031 nyu eng
020 |a 0070317860 
040 |a INSlbenglcINSlerda 
090 0 0 |a HD30   |b .H95 1994 
100 1 |a Hyland, Bruce ,   |e author 
245 1 0 |a Reflection for managers   |c Bruce Hyland, Marlet Yost 
264 1 |a New York :   |b McGraw-Hill   |c c1994 
300 |a xiii, 143 pages ;   |c 18 cm. 
336 |a text  |2 rdacontent 
337 |a unmediated  |2 rdamedia 
338 |a volume  |2 rdacarrier 
650 0 |a Industrial management 
650 0 |a Psychology   |x Industrial 
700 1 |a Yost, Marlet ,   |e author 
999 |a 0000008321   |b BOOK   |c Open Shelf   |e Default branch